|
|
|
|
| LEADER |
00000cam a2200000 a 4500 |
| 001 |
vtls009764837 |
| 003 |
SK-MaSNL |
| 005 |
20260301082527.0 |
| 008 |
090725m2002 xo a f u 000 0 slo |
| 020 |
|
|
|c (cen. skup. 20)
|
| 035 |
|
|
|a (SVKBBclas03)vtls000144328
|
| 040 |
|
|
|a SNK
|b slo
|c SNK
|e AACR2
|
| 041 |
1 |
|
|a slo
|h [eng]
|
| 044 |
|
|
|a xo
|c SK
|
| 046 |
|
|
|a m
|m 20020601 (účin.)
|n 20070701 (zruš.)
|
| 072 |
|
7 |
|a 628
|x Zdravotná technika. Úprava vody. Odpadové hospodárstvo. Svetelná technika
|2 konspekt
|
| 080 |
|
|
|a 628.94
|2 2001
|
| 080 |
|
|
|a 614.8.084
|2 2001
|
| 080 |
|
|
|a 006.86
|2 2001
|
| 080 |
|
|
|a (4)CENELEC
|2 2001
|
| 080 |
|
|
|a (437.6)
|2 2001
|
| 080 |
|
|
|a (083.74)
|2 2001
|
| 084 |
|
|
|a 29.140.40
|2 ICS
|
| 130 |
0 |
|
|a STN 36 0600 (STN EN 60598-1) [neplatná]
|9 407624
|
| 245 |
1 |
0 |
|a STN EN 60598-1: 2002 (36 0600) [neplatná], Svietidlá
|n Časť 1
|p Všeobecné požiadavky a skúšky
|
| 246 |
1 |
0 |
|a Svietidlá
|
| 246 |
3 |
0 |
|a EN 60598-1: 2000
|
| 246 |
3 |
0 |
|a IEC 60598-1: 1999
|
| 246 |
1 |
0 |
|a Všeobecné požiadavky a skúšky
|
| 260 |
|
|
|a Bratislava
|b Slovenský ústav technickej normalizácie
|c 2002
|
| 300 |
|
|
|a 154 s.
|b obr., tab.
|c 30 cm
|
| 500 |
|
|
|a Od 1.6.2002 nahrádza STN EN 60598-1 zo septembra 2000 a jej zmeny A12, A13 a A14 v celom rozsahu. Do 1.4.2007 sa môžu obidve normy súbežne používať.
|
| 500 |
|
|
|a Od 1.2.2006 je norma nahradená normou STN EN 60598-1 z februára 2006. Do 1.7.2007 sa môžu obidve normy súbežne používať
|
| 500 |
|
|
|a Spracovateľ: ERKON Nové Zámky, Tibor Polák
|
| 504 |
|
|
|a Citované normy a súvisiace právne predpisy: s. 2-4 ; bibliografia: s. 140.
|
| 520 |
8 |
|
|a Norma je identická s EN 60598-1: 2000, mod s IEC 60598-1: 1999
|
| 540 |
|
|
|a STN vydané na akomkoľvek nosiči sa môžu rozmnožovať a rozširovať iba so súhlasom určenej právnickej osoby
|b SÚTN Bratislava
|c zákon 264/1999 Z.z.
|
| 546 |
|
|
|a Terminológia aj v angličtine
|
| 650 |
0 |
7 |
|a svietidlá
|2 SVKBBPH
|9 26801
|
| 650 |
0 |
7 |
|a bezpečnosť
|2 SVKBBPH
|9 274422
|
| 650 |
0 |
7 |
|a skúšky
|2 SVKBBPH
|9 314110
|
| 650 |
0 |
7 |
|a technické normy a štandardy
|z Slovensko
|2 SNKPH
|9 79594
|
| 650 |
0 |
7 |
|a technické normy a štandardy
|z krajiny Európskej únie
|2 SNKPH
|9 289341
|
| 655 |
|
7 |
|a normy
|2 SNKPHPH
|9 70643
|
| 700 |
1 |
|
|a Polák, Tibor
|4 trl
|9 313135
|
| 710 |
2 |
|
|a ERKON (Nové Zámky, Slovensko)
|4 trl
|9 313136
|
| 710 |
2 |
|
|a Slovenský ústav technickej normalizácie (Bratislava, Slovensko).
|b Technická normalizačná komisia č. 20 Svetelné zdroje, svietidlá a ich príslušenstvo
|4 stn
|9 314271
|
| 774 |
1 |
8 |
|t STN EN 60598-1/A11: 2002
|d Bratislava : Slovenský ústav technickej normalizácie, 2002
|w vtls009852995
|
| 774 |
1 |
8 |
|t STN EN 60598-1/Z1: 2006
|d Bratislava : Slovenský ústav technickej normalizácie, 2006
|w vtls009852988
|
| 774 |
1 |
8 |
|t STN EN 60598-1: 2006
|d Bratislava : Slovenský ústav technickej normalizácie, 2006
|w vtls009852973
|
| 958 |
|
|
|a OP
|
| 958 |
|
|
|a NB
|
| 999 |
|
|
|c 658739
|d 660669
|
| 952 |
|
|
|t P60, <03>, [BOOK], {603}
|a SNK
|b SNK
|y PREZ
|7 0
|p 17A0424971
|o snkSTN EN 60598-1
|i snkN 2066/2004
|0 0
|1 0
|4 0
|d 2004-05-06
|l 0
|r 2005-01-02 00:00:00
|w 2026-02-23
|
| 952 |
|
|
|t P66, <07>, [BOOK], {667}
|a SNK
|b SNK
|y PREZ
|7 0
|p 17A0424972
|o snkSTN EN 60598-1 D1
|i snkN 2067/2004
|0 0
|1 0
|4 0
|d 2004-05-06
|l 0
|r 2005-01-02 00:00:00
|w 2026-02-23
|